[Event "Gibraltar Challengers A"]
[Site "Gibraltar"]
[Date "2020.01.23"]
[Round "4.9"]
[White "Ruperez, Miguel"]
[Black "Ajele, Rotimi"]
[Result "1-0"]
[WhiteElo "2126"]
[BlackElo "2188"]
[PlyCount "150"]
[EventDate "2020.01.20"]
[EventType "swiss"]
[EventRounds "5"]
[EventCountry "GGB"]
[SourceTitle "BritBase"]
[Source "John Saunders"]
[SourceDate "2021.06.05"]
[SourceVersion "1"]
[SourceVersionDate "2021.06.05"]
[SourceQuality "1"]

1. Nf3 Nf6 2. g3 g6 3. b3 Bg7 4. Bb2 d5 5. c4 c6 6. Bg2 O-O 7. d3 Re8 8. O-O
Nbd7 9. cxd5 cxd5 10. Nc3 Nb6 11. Rc1 a6 12. d4 Bg4 13. Ne5 Be6 14. Nd3 Bd7 15.
e3 Rc8 16. h3 Bf8 17. Qe2 Rc7 18. Kh2 Bf5 19. Ne5 Qd6 20. g4 Be6 21. f4 Rec8
22. Kh1 Bd7 23. Rfd1 Be8 24. Bf3 Qb4 25. Nd3 Qd6 26. g5 Ne4 27. Nxe4 dxe4 28.
Bxe4 Qe6 29. Qf3 Nd7 30. Rxc7 Rxc7 31. Rc1 Rxc1+ 32. Bxc1 b6 33. Ba3 b5 34. Nc5
Qb6 35. Bb4 a5 36. Nxd7 Bxd7 37. Bc5 Qe6 38. Kh2 a4 39. Bd5 Qa6 40. Bb7 Qa5 41.
b4 Qc7 42. a3 Be8 43. Be4 Qd7 44. Kg3 Qc7 45. Ba8 Qd7 46. Qb7 Qe6 47. Qe4 Qd7
48. Qf3 Qe6 49. Bd5 Qd7 50. Ba2 Qc8 51. Qd5 Qc7 52. Qe5 Qb7 53. d5 Bg7 54. Qe4
Bf8 55. h4 Qd7 56. h5 gxh5 57. f5 Qc7+ 58. Qf4 Qd7 59. Bd4 Bg7 60. f6 Bf8 61.
fxe7 Bxe7 62. e4 Qd8 63. Bf6 Bd7 64. d6 Bxf6 65. gxf6 Qf8 66. Qg5+ Kh8 67. Kh4
Bg4 68. Bd5 Bd7 69. Kxh5 Qg8 70. Qxg8+ Kxg8 71. Kh6 Kh8 72. Ba2 Bc6 73. Bxf7
Bd5 74. d7 Bxf7 75. d8=Q+ Bg8 1-0

[Event "Gibraltar Challengers A"]
[Site "Gibraltar"]
[Date "2020.01.23"]
[Round "4.13"]
[White "Filipovich, David"]
[Black "Longa Yauca, Javier"]
[Result "0-1"]
[WhiteElo "1995"]
[BlackElo "2154"]
[PlyCount "128"]
[EventDate "2020.01.20"]
[EventType "swiss"]
[EventRounds "5"]
[EventCountry "GGB"]
[SourceTitle "BritBase"]
[Source "John Saunders"]
[SourceDate "2021.06.05"]
[SourceVersion "1"]
[SourceVersionDate "2021.06.05"]
[SourceQuality "1"]

1. Nf3 d5 2. g3 Nf6 3. Bg2 c6 4. O-O g6 5. d4 Bg7 6. c4 O-O 7. cxd5 Nxd5 8. e4
Nb6 9. h3 Na6 10. Nc3 c5 11. d5 e6 12. Bg5 f6 13. Bf4 e5 14. Bd2 Nc4 15. Qe2
Nd6 16. Nb5 Nxb5 17. Qxb5 b6 18. a4 Qd6 19. Bc3 Nc7 20. Qb3 Ba6 21. Rfe1 Rfd8
22. Nd2 Rab8 23. Nc4 Bxc4 24. Qxc4 Kh8 25. b4 Bf8 26. b5 Rdc8 27. f4 Bg7 28.
fxe5 fxe5 29. Rf1 Qe7 30. d6 Qxd6 31. Rad1 Qe6 32. Qxe6 Nxe6 33. Rd7 Rf8 34.
Rxa7 Nd4 35. Rxf8+ Bxf8 36. Bf1 Bh6 37. Bc4 Rf8 38. Kg2 Be3 39. Rf7 Ra8 40. a5
bxa5 41. b6 Rb8 42. b7 Nc6 43. Rc7 Bd4 44. Bd5 Na7 45. Bxd4 cxd4 46. Be6 a4 47.
Rc8+ Nxc8 48. bxc8=Q+ Rxc8 49. Bxc8 a3 50. Be6 Kg7 51. Kf3 Kf6 52. Bg8 h5 53.
Ke2 h4 54. gxh4 Kg7 55. Bd5 Kh6 56. Kd3 Kh5 57. Kc2 Kxh4 58. Bf7 g5 59. Be6 Kg3
60. Kb3 Kf4 61. Bf5 d3 62. Kxa3 d2 63. Bg4 Kxe4 64. Kb2 Kd3 0-1

[Event "Gibraltar Challengers A"]
[Site "Gibraltar"]
[Date "2020.01.23"]
[Round "4.14"]
[White "Lipecki, Alexander"]
[Black "Raghav, Srivathsav V"]
[Result "0-1"]
[WhiteElo "2152"]
[BlackElo "2023"]
[PlyCount "64"]
[EventDate "2020.01.20"]
[EventType "swiss"]
[EventRounds "5"]
[EventCountry "GGB"]
[SourceTitle "BritBase"]
[Source "John Saunders"]
[SourceDate "2021.06.05"]
[SourceVersion "1"]
[SourceVersionDate "2021.06.05"]
[SourceQuality "1"]

1. e4 d6 2. d4 Nf6 3. Nc3 g6 4. Nf3 Bg7 5. Be2 O-O 6. O-O c6 7. h3 Qc7 8. Be3
e5 9. Qc1 b5 10. a3 Bb7 11. Bh6 Nbd7 12. Qg5 a6 13. Rad1 Bxh6 14. Qxh6 exd4 15.
Rxd4 c5 16. Rd2 Nxe4 17. Nxe4 Bxe4 18. Qf4 Rae8 19. Ng5 Ba8 20. Rxd6 f6 21.
Rfd1 Ne5 22. Nf3 Nf7 23. Bc4 bxc4 24. Qxc4 Rd8 25. Rxd8 Rxd8 26. Rxd8+ Qxd8 27.
Qxc5 Qd1+ 28. Kh2 Bxf3 29. gxf3 Qxf3 30. c4 Kg7 31. Qa7 Qf4+ 32. Kg1 Qxc4 0-1

[Event "Gibraltar Challengers A"]
[Site "Gibraltar"]
[Date "2020.01.23"]
[Round "4.15"]
[White "Royset, Pal"]
[Black "Erdogan, Hassan"]
[Result "1-0"]
[WhiteElo "2151"]
[BlackElo "1830"]
[PlyCount "79"]
[EventDate "2020.01.20"]
[EventType "swiss"]
[EventRounds "5"]
[EventCountry "GGB"]
[SourceTitle "BritBase"]
[Source "John Saunders"]
[SourceDate "2021.06.05"]
[SourceVersion "1"]
[SourceVersionDate "2021.06.05"]
[SourceQuality "1"]

1. e4 c5 2. Nc3 Nc6 3. Bb5 a6 4. Bxc6 dxc6 5. d3 e5 6. Nf3 Bg4 7. h3 Bxf3 8.
Qxf3 Be7 9. Qg3 Bf6 10. Be3 b6 11. Na4 Ne7 12. b4 cxb4 13. Nxb6 Rb8 14. Nc4 Ng6
15. Bc5 Be7 16. Ba7 Rb7 17. Be3 O-O 18. O-O Rb5 19. Rab1 a5 20. Qg4 a4 21. Rfd1
Qb8 22. g3 Qc8 23. Qf5 Rd8 24. h4 Nf8 25. Kg2 g6 26. Qf3 h5 27. Qe2 Ne6 28. Rf1
Qd7 29. f3 b3 30. cxb3 axb3 31. a4 Rbb8 32. Nxe5 Qd6 33. d4 Kg7 34. Rfd1 f6 35.
Bh6+ Kg8 36. Nxg6 Nxd4 37. Qc4+ Kh7 38. Qf7+ Kxh6 39. Nxe7 f5 40. Rxd4 1-0

[Event "Gibraltar Challengers A"]
[Site "Gibraltar"]
[Date "2020.01.23"]
[Round "4.16"]
[White "Meszaros, Andras"]
[Black "Ankitha, Goud Palle"]
[Result "1/2-1/2"]
[WhiteElo "2244"]
[BlackElo "1761"]
[PlyCount "56"]
[EventDate "2020.01.20"]
[EventType "swiss"]
[EventRounds "5"]
[EventCountry "GGB"]
[SourceTitle "BritBase"]
[Source "John Saunders"]
[SourceDate "2021.06.05"]
[SourceVersion "1"]
[SourceVersionDate "2021.06.05"]
[SourceQuality "1"]

1. e4 e6 2. b3 d5 3. Bb2 c5 4. exd5 exd5 5. Bb5+ Bd7 6. Qe2+ Qe7 7. Nc3 Qxe2+
8. Ngxe2 d4 9. Bxd7+ Kxd7 10. Ne4 Nc6 11. d3 Nh6 12. c3 f5 13. N4g3 Re8 14. O-O
dxc3 15. Bxc3 Rg8 16. d4 g5 17. Rfe1 cxd4 18. Nxd4 Bg7 19. Red1 Kc8 20. Nxc6
Bxc3 21. Rac1 bxc6 22. Rxc3 Rg6 23. h3 f4 24. Nf1 Re2 25. Rdc1 Kc7 26. a3 Rge6
27. b4 Ng8 28. g3 R2e3 1/2-1/2

[Event "Gibraltar Challengers A"]
[Site "Gibraltar"]
[Date "2020.01.23"]
[Round "4.17"]
[White "Tejaswini, Sagar"]
[Black "Lung, Liviu-Catalin"]
[Result "1/2-1/2"]
[WhiteElo "2180"]
[BlackElo "2041"]
[PlyCount "93"]
[EventDate "2020.01.20"]
[EventType "swiss"]
[EventRounds "5"]
[EventCountry "GGB"]
[SourceTitle "BritBase"]
[Source "John Saunders"]
[SourceDate "2021.06.05"]
[SourceVersion "1"]
[SourceVersionDate "2021.06.05"]
[SourceQuality "1"]

1. e4 c6 2. d4 g6 3. Nc3 d5 4. Nf3 Bg7 5. h3 dxe4 6. Nxe4 Nd7 7. Bc4 Ngf6 8.
Nxf6+ Nxf6 9. O-O O-O 10. Bf4 Qb6 11. Bb3 a5 12. a4 Bd7 13. Ne5 Rad8 14. Nc4
Qa6 15. Ne3 c5 16. d5 Ne4 17. c3 e5 18. Bh2 Nd6 19. Re1 c4 20. Ba2 f5 21. b3
cxb3 22. Qxb3 Rc8 23. Rac1 f4 24. Nd1 b5 25. axb5 Qxb5 26. c4 Qc5 27. Nb2 e4
28. Na4 Bxa4 29. Qxa4 Bd4 30. Rc2 e3 31. f3 Nb5 32. cxb5 Qxc2 33. d6+ Rf7 34.
Qxc2 Rxc2 35. d7 e2+ 36. Kh1 Bb6 37. Bxf7+ Kxf7 38. Bg1 Bd8 39. b6 Rb2 40. Bd4
Rb4 41. Bc3 Rxb6 42. Bxa5 Rb8 43. Bxd8 Rxd8 44. Rxe2 Rxd7 45. Kg1 Kf6 46. Kf2
h5 47. Ra2 1/2-1/2

[Event "Gibraltar Challengers A"]
[Site "Gibraltar"]
[Date "2020.01.23"]
[Round "4.18"]
[White "Godoy Olazabal, Artur"]
[Black "Cannon, Richard J"]
[Result "0-1"]
[WhiteElo "2154"]
[BlackElo "1990"]
[PlyCount "70"]
[EventDate "2020.01.20"]
[EventType "swiss"]
[EventRounds "5"]
[EventCountry "GGB"]
[SourceTitle "BritBase"]
[Source "John Saunders"]
[SourceDate "2021.06.05"]
[SourceVersion "1"]
[SourceVersionDate "2021.06.05"]
[SourceQuality "1"]

1. e4 e6 2. d4 d5 3. Nd2 Nf6 4. e5 Nfd7 5. c3 c5 6. f4 cxd4 7. cxd4 Nc6 8. Ndf3
Nb6 9. Bd3 Bd7 10. Ne2 Rc8 11. O-O Nb4 12. Bb1 Ba4 13. b3 Bb5 14. f5 Rxc1 15.
Nxc1 Bxf1 16. Qxf1 exf5 17. a3 Nc6 18. Bxf5 g6 19. Bc2 Bh6 20. Qd3 f6 21. Ne2
Qe7 22. Re1 O-O 23. Nc3 fxe5 24. dxe5 Qxa3 25. Nxd5 Qc5+ 26. Ne3 Nb4 27. Qd4
Bxe3+ 28. Rxe3 Qxc2 29. Qxb4 Nd5 30. Qe4 Nxe3 31. Qxe3 Rc8 32. Qxa7 Qc5+ 33.
Qxc5 Rxc5 34. Kf2 Rb5 35. Nd4 Rxe5 0-1

[Event "Gibraltar Challengers A"]
[Site "Gibraltar"]
[Date "2020.01.23"]
[Round "4.19"]
[White "Voiteanu, Gabriel"]
[Black "Bujakevich, Aleksandr"]
[Result "1-0"]
[WhiteElo "2133"]
[BlackElo "2014"]
[PlyCount "53"]
[EventDate "2020.01.20"]
[EventType "swiss"]
[EventRounds "5"]
[EventCountry "GGB"]
[SourceTitle "BritBase"]
[Source "John Saunders"]
[SourceDate "2021.06.05"]
[SourceVersion "1"]
[SourceVersionDate "2021.06.05"]
[SourceQuality "1"]

1. d4 Nf6 2. c4 g6 3. Nc3 Bg7 4. e4 d6 5. Be2 O-O 6. Be3 e5 7. d5 Na6 8. g4 Nc5
9. f3 Ne8 10. h4 f5 11. exf5 gxf5 12. g5 b6 13. Nh3 f4 14. Bxc5 dxc5 15. Ne4
Bf5 16. Nhf2 Nd6 17. Bd3 Qd7 18. Nxd6 cxd6 19. Bxf5 Rxf5 20. Ne4 Kf7 21. Qc2
Ke7 22. O-O-O Rf7 23. h5 h6 24. gxh6 Bxh6 25. Rdg1 Kd8 26. Rg8+ Bf8 27. Ng5 1-0

[Event "Gibraltar Challengers A"]
[Site "Gibraltar"]
[Date "2020.01.23"]
[Round "4.20"]
[White "Burke, Mitchell R"]
[Black "Gonzalez Gonzalez, Alfonso"]
[Result "0-1"]
[WhiteElo "2001"]
[BlackElo "2100"]
[PlyCount "80"]
[EventDate "2020.01.20"]
[EventType "swiss"]
[EventRounds "5"]
[EventCountry "GGB"]
[SourceTitle "BritBase"]
[Source "John Saunders"]
[SourceDate "2021.06.05"]
[SourceVersion "1"]
[SourceVersionDate "2021.06.05"]
[SourceQuality "1"]

1. e4 c5 2. Nc3 e6 3. f4 d5 4. Nf3 d4 5. Ne2 Nc6 6. d3 f6 7. g4 e5 8. f5 Nh6 9.
Rg1 Nf7 10. g5 Bd7 11. gxf6 gxf6 12. Ng3 Qe7 13. Nh5 O-O-O 14. h4 Kb8 15. Nh2
Be8 16. Be2 c4 17. Kf1 Nd6 18. Qe1 Rd7 19. a3 Qd8 20. Bd2 c3 21. bxc3 dxc3 22.
Bxc3 Nb5 23. Bb4 Nbd4 24. Bxf8 Nxc2 25. Qb1 N2d4 26. Bg7 Nxe2 27. Nxf6 Rxd3 28.
Bxh8 Bf7 29. Nd5 Ng3+ 30. Rxg3 Rxg3 31. Qe1 Qxh4 32. Qf2 Qh3+ 33. Ke1 Rg2 34.
Bxe5+ Nxe5 35. Qf4 Qxh2 36. Qxh2 Rxh2 37. Rd1 Rh1+ 38. Kd2 Rxd1+ 39. Kxd1 Bxd5
40. exd5 Kc7 0-1

[Event "Gibraltar Challengers A"]
[Site "Gibraltar"]
[Date "2020.01.23"]
[Round "4.21"]
[White "Paul, Nathanael"]
[Black "Hamer, Martyn"]
[Result "0-1"]
[WhiteElo "1987"]
[BlackElo "2069"]
[PlyCount "142"]
[EventDate "2020.01.20"]
[EventType "swiss"]
[EventRounds "5"]
[EventCountry "GGB"]
[SourceTitle "BritBase"]
[Source "John Saunders"]
[SourceDate "2021.06.05"]
[SourceVersion "1"]
[SourceVersionDate "2021.06.05"]
[SourceQuality "1"]

1. d4 Nf6 2. Bf4 g6 3. Nc3 d5 4. e3 Bg7 5. h4 O-O 6. h5 c5 7. hxg6 fxg6 8. dxc5
Nc6 9. Nf3 Qa5 10. Qd2 Qxc5 11. Be2 Bf5 12. O-O Rad8 13. Nd4 Ne4 14. Nxe4 dxe4
15. Qc3 Qxc3 16. bxc3 e5 17. Bc4+ Kh8 18. Nxc6 bxc6 19. Bg5 Rd2 20. Bb3 Bg4 21.
Be7 Re8 22. Bb4 Bf8 23. Ba5 c5 24. c4 Rd6 25. Bc7 Ra6 26. f3 exf3 27. gxf3 Bc8
28. Rad1 Kg7 29. Rd5 Kf6 30. f4 exf4 31. Rxf4+ Kg7 32. Kf2 Be6 33. Rd8 Rxd8 34.
Bxd8 Bd7 35. c3 Re6 36. Bd1 Bd6 37. Bg4 Bxf4 38. Bxe6 Bxe3+ 39. Kxe3 Bxe6 40.
Be7 Bxc4 41. Bxc5 a6 42. a3 g5 43. Kf3 Kg6 44. Ke4 h5 45. Bf2 h4 46. a4 Kh5 47.
a5 Kg4 48. Bc5 Bb5 49. Bd6 Kh3 50. Be7 g4 51. Kf4 Bc6 52. Kg5 g3 53. Bc5 g2 54.
Bf2 Bd5 55. Kh5 Bc4 56. Kg5 Be2 57. Bc5 Bb5 58. Bf2 Bc4 59. Kh5 Be6 60. Kg5 Bf7
61. Bc5 Kg3 62. Bd6+ Kf3 63. Bh2 h3 64. Kh4 Be6 65. Bg1 Bd7 66. c4 Bc8 67. c5
Be6 68. c6 Bc8 69. c7 Bd7 70. Bh2 Kf2 71. Kg5 g1=Q+ 0-1

[Event "Gibraltar Challengers A"]
[Site "Gibraltar"]
[Date "2020.01.23"]
[Round "4.22"]
[White "Hari, Charan Sai Kalluri"]
[Black "Huguet, Sergio"]
[Result "1-0"]
[WhiteElo "1836"]
[BlackElo "2055"]
[PlyCount "63"]
[EventDate "2020.01.20"]
[EventType "swiss"]
[EventRounds "5"]
[EventCountry "GGB"]
[SourceTitle "BritBase"]
[Source "John Saunders"]
[SourceDate "2021.06.05"]
[SourceVersion "1"]
[SourceVersionDate "2021.06.05"]
[SourceQuality "1"]

1. d4 Nf6 2. Nf3 g6 3. Nc3 Bg7 4. e4 d6 5. Be2 O-O 6. Bg5 h6 7. Bh4 g5 8. Bg3
Nh5 9. Qd3 Nxg3 10. hxg3 e5 11. dxe5 dxe5 12. Qxd8 Rxd8 13. Nd5 Na6 14. Bxa6
bxa6 15. Nxc7 Rb8 16. Nd5 Be6 17. Ne7+ Kf8 18. Nc6 Rdc8 19. Nxb8 Rxb8 20. O-O-O
f5 21. Rd6 Ke7 22. Rxa6 Rb7 23. exf5 Bxf5 24. Re1 e4 25. c3 Kf7 26. Nd2 Re7 27.
Ra4 h5 28. Nxe4 Kf8 29. f3 g4 30. Ra5 Bh6+ 31. Kc2 Bg6 32. b4 1-0

[Event "Gibraltar Challengers A"]
[Site "Gibraltar"]
[Date "2020.01.23"]
[Round "4.23"]
[White "Martinez Lopez, Jaume"]
[Black "O'Neil, Jim"]
[Result "1/2-1/2"]
[WhiteElo "2042"]
[BlackElo "1870"]
[PlyCount "81"]
[EventDate "2020.01.20"]
[EventType "swiss"]
[EventRounds "5"]
[EventCountry "GGB"]
[SourceTitle "BritBase"]
[Source "John Saunders"]
[SourceDate "2021.06.05"]
[SourceVersion "1"]
[SourceVersionDate "2021.06.05"]
[SourceQuality "1"]

1. d4 f5 2. Bg5 h6 3. Bh4 g5 4. Bg3 Nf6 5. h4 g4 6. h5 d6 7. Nc3 Be6 8. Qd3 Qd7
9. e4 fxe4 10. Nxe4 Nxe4 11. Qxe4 c6 12. Bd3 Na6 13. Qe2 Bf5 14. Bxf5 Qxf5 15.
Bxd6 O-O-O 16. Be5 Rg8 17. O-O-O Nb4 18. Kb1 Bg7 19. f4 gxf3 20. Nxf3 Bf6 21.
Nh4 Qe6 22. b3 Nd5 23. Qc4 Bxe5 24. Rde1 Rg3 25. Rxe5 Qg4 26. Nf5 Rc3 27. Qe2
Rxb3+ 28. Ka1 Qxe2 29. Rxe2 Ra3 30. Kb2 Rxa2+ 31. Kb3 Ra5 32. Nxh6 Nf6 33. Re5
Rdd5 34. Nf7 Rdb5+ 35. Kc3 Ra3+ 36. Kd2 Rxe5 37. Nxe5 Ne4+ 38. Ke2 Ng3+ 39. Kd2
Ne4+ 40. Ke2 Ng3+ 41. Kd2 1/2-1/2

[Event "Gibraltar Challengers A"]
[Site "Gibraltar"]
[Date "2020.01.23"]
[Round "4.24"]
[White "Mohota, Nisha"]
[Black "Manukonda, Arun"]
[Result "0-1"]
[WhiteElo "2201"]
[BlackElo "1959"]
[PlyCount "86"]
[EventDate "2020.01.20"]
[EventType "swiss"]
[EventRounds "5"]
[EventCountry "GGB"]
[SourceTitle "BritBase"]
[Source "John Saunders"]
[SourceDate "2021.06.05"]
[SourceVersion "1"]
[SourceVersionDate "2021.06.05"]
[SourceQuality "1"]

1. Nf3 d5 2. e3 Nf6 3. c4 c6 4. b3 g6 5. Bb2 Bg7 6. Be2 O-O 7. O-O Bg4 8. d4
Nbd7 9. Nbd2 Ne4 10. h3 Bxf3 11. Bxf3 f5 12. Be2 e6 13. Bd3 Qg5 14. f4 Qh6 15.
Nf3 Bf6 16. Ba3 Rf7 17. cxd5 exd5 18. Ne5 Rg7 19. Bxe4 dxe4 20. b4 Nb6 21. Qb3+
Nd5 22. b5 Bxe5 23. bxc6 bxc6 24. dxe5 g5 25. Rae1 gxf4 26. exf4 Kh8 27. Bb2
Rag8 28. e6 Nf6 29. Rf2 Rg3 30. Re3 R3g6 31. Qb7 Qg7 32. Qxg7+ Kxg7 33. g4 Kh6
34. g5+ Kh5 35. Ra3 Nd5 36. Rxa7 h6 37. Rf7 e3 38. Rc2 Rxe6 39. Kf1 Nxf4 40.
Bc3 e2+ 41. Kf2 Nd3+ 42. Kf3 e1=Q 43. Bxe1 Nxe1+ 0-1

[Event "Gibraltar Challengers A"]
[Site "Gibraltar"]
[Date "2020.01.23"]
[Round "4.25"]
[White "Kukic, Boris"]
[Black "Perez Ruiz, Santiago"]
[Result "1-0"]
[WhiteElo "2056"]
[BlackElo "1953"]
[PlyCount "99"]
[EventDate "2020.01.20"]
[EventType "swiss"]
[EventRounds "5"]
[EventCountry "GGB"]
[SourceTitle "BritBase"]
[Source "John Saunders"]
[SourceDate "2021.06.05"]
[SourceVersion "1"]
[SourceVersionDate "2021.06.05"]
[SourceQuality "1"]

1. e4 e5 2. Nf3 Nc6 3. Bc4 Bc5 4. c3 Nf6 5. d3 d6 6. h3 h6 7. O-O O-O 8. d4
exd4 9. cxd4 Bb6 10. Nc3 a6 11. Re1 Bd7 12. a3 Re8 13. Ba2 Qb8 14. Qd3 Qa7 15.
Be3 Ne7 16. Rac1 Rad8 17. Qc2 Ng6 18. e5 Nxe5 19. dxe5 dxe5 20. Bxb6 Qxb6 21.
Rxe5 Bc6 22. Rxe8+ Rxe8 23. Qb3 Qxb3 24. Bxb3 Bxf3 25. gxf3 Nh5 26. Ne4 Re7 27.
Rd1 Nf4 28. Kh2 Kh7 29. Ng3 g6 30. Rd4 g5 31. Bd5 c5 32. Be4+ f5 33. Nxf5 cxd4
34. Nxe7+ Kg7 35. Nf5+ Kf6 36. Nxd4 Ke5 37. Nf5 h5 38. Ne7 b6 39. Ng6+ Kd4 40.
Nxf4 gxf4 41. h4 Kc4 42. Bg6 Kb3 43. Bxh5 b5 44. Bg6 Kxb2 45. h5 Kxa3 46. h6 a5
47. h7 b4 48. h8=Q a4 49. Qa1+ Kb3 50. Bf7+ 1-0

[Event "Gibraltar Challengers A"]
[Site "Gibraltar"]
[Date "2020.01.23"]
[Round "4.26"]
[White "Karlsson, Jorgen"]
[Black "Aura, Kristian"]
[Result "1-0"]
[WhiteElo "2054"]
[BlackElo "1928"]
[PlyCount "73"]
[EventDate "2020.01.20"]
[EventType "swiss"]
[EventRounds "5"]
[EventCountry "GGB"]
[SourceTitle "BritBase"]
[Source "John Saunders"]
[SourceDate "2021.06.05"]
[SourceVersion "1"]
[SourceVersionDate "2021.06.05"]
[SourceQuality "1"]

1. d4 d5 2. Bf4 c5 3. e3 cxd4 4. exd4 Nc6 5. c3 Bf5 6. Nd2 e6 7. Ngf3 Nge7 8.
h3 Ng6 9. Bh2 Bd6 10. Bxd6 Qxd6 11. g3 O-O 12. Bg2 f6 13. O-O e5 14. Nb3 e4 15.
Nh2 Rae8 16. Qh5 Bc8 17. f4 b6 18. Ng4 a5 19. Ne3 Ba6 20. Rfe1 Nge7 21. Nd2 g6
22. Qh6 f5 23. Bf1 Bxf1 24. Rxf1 Qf6 25. Rf2 Nxd4 26. cxd4 Qxd4 27. Ndf1 Qb4
28. Rd1 Rd8 29. Nc2 Qd6 30. Nfe3 Rd7 31. Nd4 Rc8 32. g4 Kh8 33. gxf5 Rg8 34.
Kh2 Qf6 35. Ng4 Qd6 36. Ne5 Nxf5 37. Nxf5 1-0

[Event "Gibraltar Challengers A"]
[Site "Gibraltar"]
[Date "2020.01.23"]
[Round "4.27"]
[White "Gostelow, David W"]
[Black "Hladik, Lumir"]
[Result "1-0"]
[WhiteElo "1901"]
[BlackElo "2018"]
[PlyCount "109"]
[EventDate "2020.01.20"]
[EventType "swiss"]
[EventRounds "5"]
[EventCountry "GGB"]
[SourceTitle "BritBase"]
[Source "John Saunders"]
[SourceDate "2021.06.05"]
[SourceVersion "1"]
[SourceVersionDate "2021.06.05"]
[SourceQuality "1"]

1. d4 Nf6 2. Bf4 e6 3. e3 b6 4. Nf3 Bb7 5. Be2 Be7 6. h3 O-O 7. O-O d6 8. c4
Nbd7 9. Nc3 Re8 10. Qc2 Nf8 11. Rfd1 Ng6 12. Bh2 Bf8 13. b4 c6 14. a4 Qc7 15.
Rd2 Rad8 16. Qd1 Qc8 17. a5 Nd7 18. axb6 axb6 19. Ra7 Nb8 20. Ra1 Be7 21. Qb3
Rd7 22. Na4 Bd8 23. b5 cxb5 24. cxb5 Be4 25. Nc3 Bb7 26. Rc2 Be7 27. Rac1 Qd8
28. Na2 Bd5 29. Bc4 Be4 30. Rc3 d5 31. Be2 Bxf3 32. Bxf3 Bd6 33. Bxd6 Rxd6 34.
Nb4 Nh4 35. Be2 Qg5 36. g3 Nf5 37. Kh2 h5 38. h4 Qf6 39. Nd3 g5 40. hxg5 Qxg5
41. Ne5 h4 42. g4 Ne7 43. f4 Qg7 44. Kh3 f6 45. Nf3 Kf7 46. Rc7 Nd7 47. Qb4 Nf5
48. Rg1 Qf8 49. gxf5 exf5 50. Ne5+ fxe5 51. dxe5 Ree6 52. Bh5+ Ke7 53. exd6+
Kd8 54. Qa3 Rxd6 55. Rc6 1-0

[Event "Gibraltar Challengers A"]
[Site "Gibraltar"]
[Date "2020.01.23"]
[Round "4.28"]
[White "Verhoef, Jaap"]
[Black "Fischer, Robert"]
[Result "1-0"]
[WhiteElo "2015"]
[BlackElo "1923"]
[PlyCount "53"]
[EventDate "2020.01.20"]
[EventType "swiss"]
[EventRounds "5"]
[EventCountry "GGB"]
[SourceTitle "BritBase"]
[Source "John Saunders"]
[SourceDate "2021.06.05"]
[SourceVersion "1"]
[SourceVersionDate "2021.06.05"]
[SourceQuality "1"]

1. e4 c6 2. d4 d5 3. Nd2 dxe4 4. Nxe4 Nf6 5. Nxf6+ exf6 6. Ne2 Bd6 7. Bf4 O-O
8. Qd2 Be6 9. Nc3 Re8 10. O-O-O Bb4 11. a3 Qa5 12. axb4 Qa1+ 13. Nb1 Ba2 14.
Qc3 Bxb1 15. Kd2 a5 16. Bc4 axb4 17. Qxb4 Qa7 18. Bxf7+ Kxf7 19. Rxb1 Na6 20.
Qc4+ Kg6 21. h4 Rad8 22. h5+ Kf5 23. Be3 Nc5 24. g4+ Kxg4 25. d5+ Re4 26. f3+
Kxf3 27. Qf1+ 1-0

[Event "Gibraltar Challengers A"]
[Site "Gibraltar"]
[Date "2020.01.23"]
[Round "4.29"]
[White "Hng, Mei-Xian Eunice"]
[Black "Skutta, Bernd"]
[Result "1-0"]
[WhiteElo "1661"]
[BlackElo "1998"]
[PlyCount "113"]
[EventDate "2020.01.20"]
[EventType "swiss"]
[EventRounds "5"]
[EventCountry "GGB"]
[SourceTitle "BritBase"]
[Source "John Saunders"]
[SourceDate "2021.06.05"]
[SourceVersion "1"]
[SourceVersionDate "2021.06.05"]
[SourceQuality "1"]

1. e4 g6 2. d4 Bg7 3. Nc3 c6 4. Nf3 d6 5. h3 Nf6 6. Be2 O-O 7. O-O Nbd7 8. e5
Ne8 9. Bg5 f6 10. exf6 exf6 11. Be3 d5 12. Qd2 Rf7 13. a4 Nd6 14. Bf4 Nf8 15.
Bd3 Ne6 16. Bg3 f5 17. Ne5 Rf8 18. Ne2 Ne4 19. Bxe4 dxe4 20. Rad1 g5 21. f4
Bxe5 22. dxe5 Qb6+ 23. Kh2 Qxb2 24. fxg5 Rd8 25. Qxd8+ Nxd8 26. Rxd8+ Kg7 27.
e6 Bxe6 28. Rxa8 Qxc2 29. Nd4 Qc4 30. Nxe6+ Qxe6 31. Rxa7 e3 32. Rxb7+ Kg6 33.
Rbb1 Qe4 34. a5 f4 35. Bh4 e2 36. Rfe1 Kh5 37. Bf2 f3 38. g3 Qd3 39. Ra1 Qa6
40. h4 h6 41. gxh6 Kxh6 42. Ra3 Kh5 43. Rxf3 Qxa5 44. Re3 Kg4 45. R1xe2 Qb5 46.
Re4+ Kf3 47. R4e3+ Kg4 48. Rd2 c5 49. Rc3 c4 50. Rd4+ Kf5 51. Rdxc4 Qb2 52. Kg2
Qb7+ 53. Rf3+ Kg6 54. Rcf4 Qa8 55. g4 Qb7 56. h5+ Kg7 57. Rf7+ 1-0

[Event "Gibraltar Challengers A"]
[Site "Gibraltar"]
[Date "2020.01.23"]
[Round "4.31"]
[White "Herzwurm, Robert"]
[Black "Kunnavakkam, Sudarshanagopal Vin"]
[Result "1-0"]
[WhiteElo "1979"]
[BlackElo "1786"]
[PlyCount "43"]
[EventDate "2020.01.20"]
[EventType "swiss"]
[EventRounds "5"]
[EventCountry "GGB"]
[SourceTitle "BritBase"]
[Source "John Saunders"]
[SourceDate "2021.06.05"]
[SourceVersion "1"]
[SourceVersionDate "2021.06.05"]
[SourceQuality "1"]

1. e4 c5 2. Nc3 Nc6 3. f4 g6 4. Nf3 Bg7 5. Bb5 a6 6. Bxc6 dxc6 7. O-O Nf6 8. d3
O-O 9. Qe1 Re8 10. Kh1 Nd7 11. f5 e6 12. fxg6 hxg6 13. e5 f6 14. Qg3 Nf8 15.
Ne4 b6 16. exf6 Bxf6 17. Ne5 Bxe5 18. Qxe5 Nh7 19. Bh6 Ra7 20. Rf6 Nxf6 21.
Nxf6+ Kf7 22. Rf1 1-0

[Event "Gibraltar Challengers A"]
[Site "Gibraltar"]
[Date "2020.01.23"]
[Round "4.32"]
[White "Niharika, Ch"]
[Black "Tkadlecek, Petr"]
[Result "1-0"]
[WhiteElo "1865"]
[BlackElo "1775"]
[PlyCount "77"]
[EventDate "2020.01.20"]
[EventType "swiss"]
[EventRounds "5"]
[EventCountry "GGB"]
[SourceTitle "BritBase"]
[Source "John Saunders"]
[SourceDate "2021.06.05"]
[SourceVersion "1"]
[SourceVersionDate "2021.06.05"]
[SourceQuality "1"]

1. e4 c6 2. d4 g6 3. Nc3 Bg7 4. Nf3 d6 5. Be3 Nf6 6. h3 O-O 7. Qd2 a5 8. a4 Na6
9. Bc4 Nb4 10. Bb3 b6 11. Rd1 Ba6 12. Bh6 e6 13. Qf4 Nh5 14. Qg5 Qxg5 15. Bxg5
h6 16. Be7 Rfc8 17. Bxd6 Nf6 18. e5 Nfd5 19. Ne2 Bf8 20. Bxf8 Bxe2 21. Kxe2
Kxf8 22. Rhe1 Nf4+ 23. Kf1 g5 24. Re4 Kg7 25. h4 Kg6 26. g3 Kf5 27. Rde1 Nh3
28. c3 Nd3 29. Bc2 Nhxf2 30. R4e3 Kg4 31. Bxd3 Nxd3 32. Rxd3 Kxg3 33. Nxg5+
Kxh4 34. Nxf7 Rf8 35. Re4+ Kh5 36. Rf4 Ra7 37. Rh3+ Kg6 38. Rf6+ Kg7 39. Rg3+
1-0